Hydrotimetrie : nouvelle methode pour determiner les proportions des matieres minerales en dissolution dans les eaux de sources et de rivieres
Αποθηκεύτηκε σε:
| Κύριος συγγραφέας: | |
|---|---|
| Άλλοι συγγραφείς: | |
| Μορφή: | Βιβλίο |
| Γλώσσα: | French |
| Δημοσίευση: |
Paris :
G. Masson,
1893.
|
| Έκδοση: | 9η έκδ. |
| Θέματα: | |
| Ετικέτες: |
Προσθήκη ετικέτας
Δεν υπάρχουν, Καταχωρήστε ετικέτα πρώτοι!
|
MARC
| LEADER | 00000cam a2200000 i 4500 | ||
|---|---|---|---|
| 001 | 1/68560 | ||
| 008 | 150310s1893 fr ||| fre|| | ||
| 035 | |l 10121380 | ||
| 040 | |a GR-MY-UA |b gre |e aacr | ||
| 041 | 0 | |a fre | |
| 082 | 0 | |a 628.161 |2 (23) | |
| 100 | 1 | |a Boutron-Charlard, Antoine Francois |d 1796-1878. | |
| 245 | 1 | 0 | |a Hydrotimetrie : |b nouvelle methode pour determiner les proportions des matieres minerales en dissolution dans les eaux de sources et de rivieres / |c par MM. Boutron et F. Boudet. |
| 250 | |a 9η έκδ. | ||
| 260 | |a Paris : |b G. Masson, |c 1893. | ||
| 300 | |a 88 σ. : |b πίν. ; |c 25 εκ. | ||
| 500 | |a Στο recto σφραγίδα "Πορφυριάς Αστική Σχολή Καρλοβασίων" καθώς και ιδιόχειρη αφιέρωση "Τη Πορφυριάδι Σχολή, Βασιλειάδης Διευδυντής 1898" με αρ. 671. | ||
| 650 | 0 | 0 | |a Water |x Analysis. |
| 700 | 1 | |a Boudet, Felix-Henri |d 1806-1878. | |
| 852 | |a INST |b SAMOS |c PORFYRIADA |e 20150310 |h 628.161 BOU |p 005300041939 |q 005300041939 |t NOLOAN |y 23 | ||
| 901 | |a BIBL3-2015-1 | ||
| 909 | |a Σ |b 191967 | ||
| 970 | |a ΣΙΤΖΙΜΗ |b ΓΙΑΣΕΜΗ |z 2015/03/10 | ||